• 首页
  • 本馆介绍
  • 公告通知
  • 最新文献
  • 馆藏检索
  • 电子资源
  • 读者导购
  • 参考咨询
  • 我的图书馆
  • 登录
  • 详细信息显示
  • 放入我的书架
  • 预约/预借图书
  • 作者相关作品
  • 分类相关作品
  • 丛书相关作品
  • 出版社相关作品

书目信息

  • 表格格式
  • 工作单格式
  • 卡片格式
题名:
用X射线和γ射线检验焊缝的方法
    
 
作者: 马幼良 编著
分册:  
出版信息: 北京   机械工业出版社  1974
页数: 47页
开本: 19cm
丛书名:
单 册:
中图分类: TG44
科图分类:
主题词: 焊接工艺
电子资源:
ISBN:
000 00657nam0 2200229 450
001 0638231570
005 20060526104124.95
010    @dCNY0.14
091    @a15033.3496
100    @a20060526d1974 km y0chiy0120 ea
101 0  @achi
102    @aCN@b110000
102    @aCN@b110000
200 1  @a用X射线和γ射线检验焊缝的方法@Ayong X she xian heγshe xian jian yan han feng de fang fa@f马幼良编著@Fma you liang bian zhu
210    @a北京@c机械工业出版社@d1974
215    @a47页@d19cm
300    @a机械工人学习材料
606 0  @a焊接工艺
690    @aTG44@v3
701  0 @a马幼良@Ama you liang@4编著
801  0 @aCN@bPFT@c20060526
905    @a10447@dTG44@e9
    
    用X射线和γ射线检验焊缝的方法/马幼良编著.-北京:机械工业出版社,1974
    47页;19cm
    机械工人学习材料
    
    ISBN :CNY0.14
    
●
相关链接 在E读中查询图书 在五车中查询图书 在当当中查询图书 在豆瓣中查询图书


正题名:用X射线和γ射线检验焊缝的方法     索取号:TG44/9         预约/预借

序号 登录号 条形码 馆藏地/架位号 状态 备注
1 0017957   202260427   密集书库/ [索取号:TG44/9] 在馆    
2 0017958   202361979   密集书库/ [索取号:TG44/9] 在馆    
3 0017959   202260490   密集书库/ [索取号:TG44/9] 在馆    
4 0017960   202260481   密集书库/ [索取号:TG44/9] 在馆    
5 0017961   202260436   密集书库/ [索取号:TG44/9] 在馆    
6 0017962   202260454   密集书库/ [索取号:TG44/9] 在馆    
7 0017963   202260445   密集书库/ [索取号:TG44/9] 在馆    
唐山师范学院图书馆 欢迎您!
大连网信软件有限公司© 版权所有